Liquid Love /

محفوظ في:
التفاصيل البيبلوغرافية
المؤلف الرئيسي: Vasconcelos, Joana (artista)
مؤلفون آخرون: Quiroga, André de (texto) (texto)
التنسيق: كتاب
اللغة:الإسبانية
منشور في: Madrid, España : La Fábrica, 2022, c2022
الموضوعات:
الوسوم: إضافة وسم
لا توجد وسوم, كن أول من يضع وسما على هذه التسجيلة!

MARC

LEADER 00000nam^a2200000^a^4500
001 000624046
005 20251106000000.0
009 20260310133949.827
020 |a 978-84-18934-62-9 
025 |a Donación sin dato, 1 ejemplar 
037 |a Acervo ITESO - Biblioteca 
041 |a ESP 
082 |a 709. 469  |b VAS QUI 
100 |a Vasconcelos, Joana  |e (artista) 
245 1 0 |a Liquid Love /  |c J. Vasconcelos ; texto de A. Quiroga 
264 4 |a Madrid, España :  |b La Fábrica,  |c 2022, c2022 
300 |a 1 v. (sin paginación) 
336 |a texto  |b txt  |2 rdacontenido 
337 |a sin mediación  |b n  |2 rdamedio 
338 |a volumen  |b nc  |2 rdasoporte 
546 |a Edición bilingüe español-inglés 
649 |a XX 
650 |a Escultores Portugueses 
650 |a Artistas Portugueses 
650 |a Mujeres Portuguesas 
650 |a Escultura Portuguesa -  |x Historia y Crítica 
650 |a Escultura Portuguesa -  |x Catálogos 
650 |a Instalaciones (Arte) -  |z Portugal -  |x Historia y Crítica -  |x Tema Principal 
650 |a Arte Conceptual -  |z Portugal -  |x Historia y Crítica 
650 |a Arte (Tendencias Recientes) -  |z Portugal -  |x Historia y Crítica 
650 |a Arte Portugués -  |x Historia y Crítica 
650 |a Arte Portugués -  |y Siglo XXI 
650 |a Vasconcelos, Joana -  |x Tema Principal 
700 |a Quiroga, André de  |e (texto) 
910 |a Fondo General 
920 |a Impresos - Libros 
930 |a Reserva Especial 
905 |a 103 
901 |a 624046-10  |b IT1  |c REE  |i D  |u 20251106 
902 |a https://opac.biblio.iteso.mx/vufind/Record/000624046